Представление документа в формате RUSMARC

ПолеНазваниеЗначение
  Тип записи a
  Библиографический уровень m
001 Контрольный номер RU/SLIB/B/208742202
005 Дата корректировки 20231130161029.1
010 Индекс ISBN __
a ISBN 5-289-00588-9
010 Индекс ISBN __
d Цена 400-00, 0-95
100 Данные общей обработки __
a Данные общей обработки 20211013d1990 me y0rusy028902 ca
101 Язык документа 0_
a Язык текста rus
102 Страна публикации __
a Страна публикации RU
105 Кодированные данные (монография) __
a Кодированные данные (монография) a z 000yy
181 Поле кодированных данных: вид содержания _0
a Код вида содержания (ISBD) i
182 Поле кодированных данных: тип средства _0
a Код типа средства (ISBD) n
200 Заглавие и сведения об ответственности 1_
a Заглавие Ягодный сад
b Общее обозначение материала Текст
210 Выходные данные 1_
a Место издания Л.
c Издательство Лениздат
d Дата издания 1990
215 Физическое описание __
a Объем 208 с.
c Иллюстрации/тип воспроизводства ил.
330 Аннотация __
a Аннотация Авторы знакомят читателей с биологией ягодных культур (земляники и клубники, черной и красной смородины, крыжовника, малины и ежевики, облепихи, жимолости и др.) и способами их возделывания.
606 Тематические рубрики __
a Основная рубрика Ягодоводство
610 Ключевые слова 0_
a Ключевые слова ягодные растения; земляника; черника; малина; ежевика; черная смородина; красная смородина; облепиха; жимолость
686 Индексы других классификаций __
a Классификационный индекс 42.358
700 Автор _1
a Фамилия Глебова
b Имя Е. И.
4 Код отношения 070
701 Альтернативная интеллектуальная ответственность _1
a Фамилия Даньков
b Имя В.В.
701 Альтернативная интеллектуальная ответственность _1
a Фамилия Скрипниченко
b Имя М.М.
801 Источник записи _0
a Страна RU
b Организация Муниципальное бюджетное учреждение культуры "Централизованная библиотечная система" г. Сургут (Центральная городская библиотека им. А. С. Пушкина)
g Правила каталогизации КиК/Уланова
801 Источник записи _1
a Страна RU
b Организация Муниципальное бюджетное учреждение культуры "Централизованная библиотечная система" г. Сургут (Центральная городская библиотека им. А. С. Пушкина)
g Правила каталогизации КиК/Уланова
852 Данные о местонахождении __
j Шифр хранения 42.358
c Каталожный индекс 42.358
i Авторский знак Г 53
p Инвентарный номер 59910, 42617
901 Тип документа __
t Тип документа m
990 Данные о заказе (DOS) __
j Количество экземпляров (DOS) 2; 2
t N записи в КСУ для И/У (DOS) 199701; 199101